000 00274nam a22000977a 4500
005 20250901165242.0
008 210226b ||||| |||| 00| 0 eng d
050 _aQC171 .G36
245 _aThe atom and its nucleus
_cGAMOW, GEORGE
942 _2lcc
_hQC171 .G36 1961
999 _c1024
_d1024